Sports Quiz

Random Sports or Board Games Quiz

Players that started the most opening days Quiz Stats

 Plays Quiz not verified by Sporcle

Challenge
Share
Tweet
Embed
Score 0/173 Timer 15:00
0 Plays Today
Team Player % Correct
New York YankeesDerek Jeter
95.8%
Baltimore OriolesCal Ripken
93.8%
Baltimore OriolesKen Williams
91.7%
New York YankeesMickey Mantle
89.6%
Kansas City RoyalsGeorge Brett
87.5%
Baltimore OriolesBrooks Robinson
85.4%
Detroit TigersAurelio Rodriguez
83.3%
New York YankeesLou Gehrig
83.3%
Texas RangersIvan Rodriguez
83.3%
Seattle MarinersAlex Rodriguez
83.3%
Baltimore OriolesEddie Murray
81.3%
Boston Red SoxDavid Ortiz
81.3%
Chicago White SoxLance Johnson
81.3%
Chicago White SoxFrank Thomas
81.3%
Detroit TigersAlan Trammell
81.3%
Detroit TigersAl Kaline
81.3%
New York YankeesNick Johnson
81.3%
Seattle MarinersRandy Johnson
81.3%
Kansas City RoyalsBo Jackson
79.2%
Oakland A'sReggie Jackson
79.2%
Seattle MarinersEdgar Martinez
79.2%
Seattle MarinersEdgar Martinez
79.2%
Tampa Bay RaysDave Martinez
79.2%
Baltimore OriolesJim Palmer
77.1%
Boston Red SoxRoger Clemens
77.1%
Detroit TigersLou Whitaker
77.1%
Seattle MarinersKen Griffey
77.1%
Toronto Blue JaysGeorge Bell
77.1%
Texas RangersBuddy Bell
77.1%
Boston Red SoxJason Varitek
75%
Boston Red SoxCarl Yastrzemski
75%
Boston Red SoxDom Dimaggio
75%
Minnesota TwinsJoe Mauer
75%
Los Angeles AngelsGarret Anderson
72.9%
Boston Red SoxDwight Evans
70.8%
Cleveland IndiansOmar Vizquel
70.8%
Cleveland IndiansManny Ramirez
70.8%
Kansas City RoyalsFrank White
70.8%
New York YankeesRoy White
70.8%
Chicago White SoxPaul Konerko
68.8%
Minnesota TwinsTorii Hunter
68.8%
New York YankeesWhitey Ford
68.8%
Seattle MarinersDan Wilson
68.8%
Tampa Bay RaysCarl Crawford
68.8%
New York YankeesGraig Nettles
66.7%
Oakland A'sRickey Henderson
66.7%
Boston Red SoxWade Boggs
64.6%
Los Angeles AngelsRod Carew
64.6%
New York YankeesBill Dickey
64.6%
Oakland A'sMark McGwire
64.6%
Toronto Blue JaysDamaso Garcia
64.6%
Oakland A'sDick Green
62.5%
Detroit TigersTy Cobb
60.4%
Detroit TigersDmitri Young
60.4%
Seattle MarinersAlvin Davis
60.4%
Seattle MarinersJay Buhner
60.4%
Baltimore OriolesRick Dempsey
58.3%
Baltimore OriolesMike Mussina
58.3%
Team Player % Correct
Chicago White SoxLuke Appling
58.3%
Cleveland IndiansBob Feller
58.3%
Toronto Blue JaysAlex Gonzalez
58.3%
Chicago White SoxNellie Fox
56.3%
Cleveland IndiansTravis Hafner
56.3%
Detroit TigersJack Morris
54.2%
New York YankeesWillie Randolph
54.2%
Texas RangersRafeal Palmeiro
54.2%
Toronto Blue JaysVernon Wells
54.2%
Boston Red SoxMo Vaughn
52.1%
Boston Red SoxBobby Doerr
52.1%
Kansas City RoyalsMike Sweeney
52.1%
Kansas City RoyalsAmos Otis
52.1%
Tampa Bay RaysJose Canseco
52.1%
Texas RangersFrank Howard
52.1%
Kansas City RoyalsHal McRae
50%
Los Angeles AngelsBobby Grich
50%
Los Angeles AngelsTroy Glaus
50%
Detroit TigersBill Freehan
47.9%
New York YankeesRon Guidry
47.9%
Oakland A'sTerry Steinbach
47.9%
Tampa Bay RaysEvan Longoria
47.9%
Baltimore OriolesBrian Roberts
45.8%
Detroit TigersNorm Cash
45.8%
Los Angeles AngelsDon Baylor
45.8%
New York YankeesDon Baylor
45.8%
Oakland A'sEric Chavez
45.8%
Oakland A'sBert Campaneris
45.8%
Toronto Blue JaysCarlos Delgado
45.8%
Baltimore OriolesPaul Blair
43.8%
Cleveland IndiansLou Boudreau
43.8%
Baltimore OriolesHarold Baines
41.7%
Chicago White SoxHarold Baines
41.7%
Detroit TigersChet Lemon
41.7%
Los Angeles AngelsWally Joyner
41.7%
Toronto Blue JaysPaul Molitor
41.7%
Minnesota TwinsTony Oliva
39.6%
Oakland A'sDave Stewart
39.6%
Tampa Bay RaysToby Hall
39.6%
Texas RangersLarry Parrish
39.6%
Toronto Blue JaysShannon Stewart
39.6%
Toronto Blue JaysJesse Barfield
39.6%
Kansas City RoyalsFred Patek
37.5%
Seattle MarinersHarold Reynolds
37.5%
Tampa Bay RaysFred McGriff
37.5%
Seattle MarinersJohn Olerud
37.5%
Toronto Blue JaysRoy Halladay
37.5%
Los Angeles AngelsDarin Erstad
35.4%
Minnesota TwinsGreg Gagne
35.4%
New York YankeesRuben Sierra
35.4%
Texas RangersRuben Sierra
35.4%
Boston Red SoxGeorge Scott
33.3%
Los Angeles AngelsJim Edmonds
33.3%
Baltimore OriolesKen Singleton
31.3%
Kansas City RoyalsJohn Mayberry
31.3%
Kansas City RoyalsKevin Appier
31.3%
Tampa Bay RaysBJ Upton
31.3%
Toronto Blue JaysErnie Whitt
31.3%
Team Player % Correct
Los Angeles AngelsJim Fregosi
29.2%
Cleveland IndiansEarl Averill
27.1%
Chicago White SoxMark Buehrle
25%
Detroit TigersWillie Horton
25%
Texas RangersIan Kinsler
25%
Boston Red SoxJoe Cronin
22.9%
Minnesota TwinsEarl Battey
22.9%
Texas RangersCharlie Hough
22.9%
Detroit TigersJim Northrup
20.8%
Los Angeles AngelsDoug Decinces
20.8%
Los Angeles AngelsMike Witt
20.8%
Seattle MarinersAdrian Beltre
20.8%
Toronto Blue JaysRance Mulliniks
20.8%
New York YankeesMel Stottlemyre
18.8%
Kansas City RoyalsDanny Tartabull
16.7%
Los Angeles AngelsGary Pettis
16.7%
Minnesota TwinsRoy Smalley
16.7%
Minnesota TwinsBrad Radke
16.7%
Texas RangersBump Wills
16.7%
Cleveland IndiansJIm Hegan
14.6%
Cleveland IndiansKen Keltner
14.6%
Minnesota TwinsJoe Judge
14.6%
New York YankeesHank Bauer
14.6%
Oakland A'sDwayne Murphy
14.6%
Tampa Bay RaysJames Shields
14.6%
Tampa Bay RaysJason Bartlett
14.6%
Baltimore OriolesGary Roenicke
12.5%
Minnesota TwinsZoilo Versalles
12.5%
Minnesota TwinsGoose Goslin
12.5%
Texas RangersEd Brinkman
12.5%
Tampa Bay RaysJulio Lugo
12.5%
Cleveland IndiansBobby Avila
10.4%
Kansas City RoyalsLou Piniella
10.4%
Kansas City RoyalsMike McFarlane
8.3%
Minnesota TwinsJason Kubel
8.3%
Seattle MarinersRaul Ibanez
8.3%
Chicago White SoxSherm Lollar
6.3%
Chicago White SoxWillie Kamm
6.3%
Los Angeles AngelsBuck Rodgers
6.3%
Minnesota TwinsBuddy Myer
6.3%
Minnesota TwinsEddie Yost
6.3%
Minnesota TwinsGlenn Adams
6.3%
Minnesota TwinsRandy Bush
6.3%
Texas RangersGeorge Wright
6.3%
Texas RangersHank Blaylock
6.3%
Minnesota TwinsMuddy Ruel
4.2%
Oakland A'sGeronimo Berroa
4.2%
Tampa Bay RaysKevin Stocker
4.2%
Tampa Bay RaysPat Burrell
4.2%
Chicago White SoxBibb Falk
2.1%
Cleveland IndiansHal Trotsky
2.1%
Cleveland IndiansCharlie Jamieson
2.1%
Oakland A'sErubiel Durazo
2.1%
Tampa Bay RaysMiguel Cairo
2.1%
Tampa Bay RaysBen Grieve
2.1%
Texas RangersDon Lock
2.1%
Toronto Blue JaysOtto Velez
2.1%

You're not logged in!

Compare scores with friends on all Sporcle quizzes.
Join for Free
OR
Log In

You Might Also Like...

Show Comments

Extras

Top Quizzes Today


Score Distribution

Your Account Isn't Verified!

In order to create a playlist on Sporcle, you need to verify the email address you used during registration. Go to your Sporcle Settings to finish the process.

Report this User

Report this user for behavior that violates our Community Guidelines.

Details: